000 00238nam a2200097Ia 4500
001 690037
005 20250826161808.0
008 250824s9999 xx 000 0 und d
245 0 _aKAFES/S.İLERİ/EVEREST
_cSELİM İLERİ
260 _bEVEREST
999 _c690037
_d690037